LEADER 01283nam a2200313 i 4500 001 991000723729707536 005 20020507172750.0 008 011130s1992 us ||| | eng 020 $a0387974865 035 $ab10748428-39ule_inst 035 $aLE01301308$9ExL 040 $aDip.to Matematica$beng 082 0 $a510.09 084 $aAMS 01A50 084 $aAMS 01A75 100 1 $aAndersen, Kirsti$0534800 245 10$aBrook Taylor's work on linear perspective :$ba study of Taylor's role in the history of perspective geometry ; including facsimiles of Taylor's two books on perspective /$cKirsti Andersen 260 $aNew York :$bSpringer-Verlag,$cc1992 300 $ax, 259 p. :$bill. ;$c25 cm. 490 0 $aSources in the history of mathematics and physical sciences ;$v10 500 $aIncludes bibliographical references (p. [249]-256) and index 650 4$aPerspective-early works to 1800 700 1 $aTaylor, Brook 907 $a.b10748428$b23-02-17$c28-06-02 912 $a991000723729707536 945 $aLE013 01A AND11 (1992)$g1$i2013000132532$lle013$o-$pE0.00$q-$rl$s- $t0$u0$v0$w0$x0$y.i10840874$z28-06-02 996 $aBrook Taylor's work on linear perspective$9911679 997 $aUNISALENTO 998 $ale013$b01-01-01$cm$da $e-$feng$gus $h0$i1 LEADER 01066nam0 22002771i 450 001 UON00489092 005 20231205105324.367 100 $a20180608d1974 |0itac50 ba 101 $aita 102 $aIT 105 $a|||| ||||| 200 1 $aChe cosa ha veramente detto Pascal$fF. Jesi 210 $aRoma$cUbaldini$d[1974] 215 $a110 p.$d18 cm. 410 1$1001UON00026649$12001 $aChe cosa hanno veramente detto$1210 $aRoma$cUbaldini, v. ; 19 cm$v52 606 $aPascal Blaise$3UONC044921$2FI 620 $aIT$dRoma$3UONL000004 676 $a194$cFilosofia occidentale moderna. Francia$v21 700 1$aJesi$bFurio$3UONV023384$00 712 $aUbaldini Editore$3UONV245994$4650 801 $aIT$bSOL$c20250523$gRICA 899 $aSIBA - SISTEMA BIBLIOTECARIO DI ATENEO$2UONSI 912 $aUON00489092 950 $aSIBA - SISTEMA BIBLIOTECARIO DI ATENEO$dSI FS 07364 $eSI FP 6341 5 996 $aChe cosa ha veramente detto Pascal$91707956 997 $aUNIOR